| 000 | 00907cam a22002655a 4500 | ||
|---|---|---|---|
| 999 |
_c27263 _d27234 |
||
| 005 | 20201128024408.0 | ||
| 008 | 170925t2018 maua frb 001 0 eng d | ||
| 020 | _a9781337613316 | ||
| 020 | _a1337613312 | ||
| 040 |
_aStDuBDS _beng _cStDuBDS _dUk _dEG-ScBUE |
||
| 082 | 0 | 4 |
_a150.72 _bGRA _222 |
| 100 | 1 | 0 | _aGravetter, Frederick J. |
| 245 | 1 | 0 |
_aResearch methods for the behavioral sciences / _cFrederick J. Gravetter, Lori-Ann B. Forzano. |
| 250 | _a6th. ed. | ||
| 260 |
_aBoston : _bCengage Learning, _cc.2018. |
||
| 300 |
_axxv, 546 p. : _bill. (some col.) ; _c26 cm. |
||
| 500 | _aPrevious edition: 2016. | ||
| 504 | _aIncludes bibliographical references and index. | ||
| 650 | 7 |
_aPsychology _xResearch _xMethodology. _2BUEsh _9837 |
|
| 650 | 7 |
_aSocial sciences _xResearch _xMethodology. _2BUEsh |
|
| 651 | _2BUEsh | ||
| 653 |
_bHHUUPPSS _cMarch2019 |
||
| 700 | 1 | _aForzano, Lori-Ann B. | |
| 942 | _2ddc | ||